00654nam a2200229 a 4500001001300000003000900013005001700022008004100039020001000080082001700090100002800107245001800135260003300153300000900186500003500195650001900230700002800249902000800277942000700285952011700292999001500409nice12345678IN_TiNIC20260116012001.0070618s1972 luca grp 000 0 ara  ac10000a492.75bNAD2 aNadvi, S Rahman Alazami aIim-Ul-tasrif aLucknow bNo Publisherc1972 a126p aincludes index and biblioraphy aArabic-Grammar1 aNadvi, S Rahman Alazami bSRS cBK 001040708StackRoom-aHMIbHMId2007-06-18g100.00l0o492.75 NAD2p07727r2007-06-18v100.00w2007-06-18yBK c5159d5159